[Event "GER-ch U25-C"]
[Site "Willingen"]
[Date "2023.05.31"]
[Round "6"]
[White "Claussen, Daniela"]
[Black "Janssen, Julika"]
[Result "1/2-1/2"]
[WhiteElo "1043"]
[BlackElo "1286"]
[PlyCount "64"]
[EventDate "2023.05.27"]
[EventType "swiss"]
[EventRounds "9"]
[EventCountry "GER"]
[SourceTitle "CBM 214 Extra"]
[Source "ChessBase"]
[SourceDate "2023.07.31"]
[SourceVersion "1"]
[SourceVersionDate "2023.07.31"]
[SourceQuality "1"]

1. e3 e5 2. b3 d6 3. Bb2 Nf6 4. Nf3 Be7 5. d3 0-0 6. Nbd2 b6 7. Be2 Bb7 8. 0-0 Nbd7 9. Re1 Re8 10. c4 c5 11. Qc2 h6 12. Rad1 Qc7 13. h3 Nf8 14. e4 Ng6 15. Nf1 Nh5 16. N3h2 Nhf4 17. Ng3 Nxe2+ 18. Nxe2 Rf8 19. Ng3 Bf6 20. Bc1 Bc6 21. Rf1 Nf4 22. Ne2 Nxe2+ 23. Qxe2 Bd7 24. Qf3 Qd8 25. Qh5 Bg5 26. Bxg5 Qxg5 27. Qxg5 hxg5 28. Ng4 b5 29. Ne3 Bc6 30. Ra1 b4 31. f3 g6 32. g4 Kg7 1/2-1/2

[Event "GER-ch U10 Girls"]
[Site "Willingen"]
[Date "2019.06.11"]
[Round "5"]
[White "Janssen, Julika"]
[Black "Kopylov, Diana"]
[Result "0-1"]
[WhiteElo "839"]
[BlackElo "922"]
[PlyCount "50"]
[EventDate "2019.06.08"]
[EventType "swiss"]
[EventRounds "11"]
[EventCountry "GER"]
[SourceTitle "EXT 2020"]
[Source "ChessBase"]
[SourceDate "2019.10.17"]
[SourceVersion "1"]
[SourceVersionDate "2019.10.17"]
[SourceQuality "1"]

1. e4 e5 2. Nf3 Nc6 3. Bc4 Bc5 4. Nc3 Nf6 5. d3 h6 6. Be3 Bb6 7. Qd2 0-0 8. 0-0-0 d6 9. h3 Be6 10. Bxh6 Nh7 11. Nd5 Bxd5 12. Bxd5 Ba5 13. Qe3 Nb4 14. h4 Nxd5 15. exd5 f6 16. Rh3 gxh6 17. Qxh6 Rf7 18. Rg3+ Kh8 19. Qg6 Qd7 20. Rh1 Raf8 21. Rhh3 Qa4 22. Ng5 fxg5 23. Rxg5 Qxa2 24. Kd1 Qa1+ 25. Ke2 Qe1# 0-1

[Event "Mecklenburg VP-ch U10 Girls"]
[Site "Malchow"]
[Date "2019.02.05"]
[Round "5.3"]
[White "Pommerehnke, Marla"]
[Black "Janssen, Julika"]
[Result "1/2-1/2"]
[WhiteElo "787"]
[BlackElo "772"]
[PlyCount "36"]
[EventDate "2019.02.02"]
[EventType "tourn"]
[EventRounds "7"]
[EventCountry "GER"]
[SourceTitle "EXT 2022"]
[Source "ChessBase"]
[SourceDate "2021.10.06"]
[SourceVersion "1"]
[SourceVersionDate "2021.10.06"]
[SourceQuality "1"]

1. e4 e5 2. Nf3 Nc6 3. Bc4 Bc5 4. 0-0 Nf6 5. Nc3 0-0 6. d3 h6 7. Nd5 Nd4 8. Nxe5 d6 9. Nf3 c6 10. Nxf6+ Qxf6 11. h3 Qg6 12. Nh4 Qf6 13. Nf3 Qg6 14. g3 Bxh3 15. Nh4 Qf6 16. Re1 Ne6 17. Be3 Qxb2 18. Kh2 Ng5 1/2-1/2

[Event "Mecklenburg VP-ch U10 Girls"]
[Site "Malchow"]
[Date "2019.02.04"]
[Round "4.3"]
[White "Janssen, Julika"]
[Black "Feix, Leonie"]
[Result "1-0"]
[WhiteElo "772"]
[BlackElo "759"]
[PlyCount "75"]
[EventDate "2019.02.02"]
[EventType "tourn"]
[EventRounds "7"]
[EventCountry "GER"]
[SourceTitle "EXT 2022"]
[Source "ChessBase"]
[SourceDate "2021.10.06"]
[SourceVersion "1"]
[SourceVersionDate "2021.10.06"]
[SourceQuality "1"]

1. e4 e5 2. Nf3 Nc6 3. Bc4 Nf6 4. d3 d6 5. Ng5 Bg4 6. Qd2 Be7 7. Nxf7 Qd7 8. Nxh8 0-0-0 9. Nf7 Rf8 10. Qc3 Bh5 11. Ng5 Qg4 12. Be6+ Qxe6 13. Nxe6 Rf7 14. 0-0 Be2 15. Re1 Bg4 16. Be3 Bxe6 17. Na3 Ng4 18. Bd2 Rxf2 19. Rf1 Bh4 20. Be1 Rxf1+ 21. Kxf1 Nxh2+ 22. Kg1 Bxe1 23. Qxe1 Ng4 24. Qh4 b5 25. Nxb5 a6 26. Nc3 h6 27. Rf1 g5 28. Qh5 Ne3 29. Rf8+ Kb7 30. Qe8 Nxc2 31. Qa8+ Kb6 32. Na4+ Ka5 33. Qxc6 Nd4 34. Qxc7+ Kxa4 35. Ra8 Ne2+ 36. Kf2 Kb4 37. Rxa6 Kb5 38. Qb6# 1-0